000 00457nam a2200181Ia 4500
008 131103s9999 xx 000 0 und d
020 _a0 425 05716 X
040 _aLoreto College
041 _aEnglish
082 _aREF
_bLCBED/8686
245 _aWord power
_b an anthology of articles & tests
260 _aNew York
_bBerkley
_c1954
300 _a245 p.
_c 18 cm.
504 _aIncludes index
650 _aREF
850 _aLCBED/REF
942 _cBK
999 _c34599
_d85078